| 000 | 01168nam a22002297a 4500 | ||
|---|---|---|---|
| 005 | 20210325191402.0 | ||
| 008 | s2533 th tha d | ||
| 041 | _atha | ||
| 090 | _aว U162 ป366ก 2533 | ||
| 100 | 0 | _aประยูร มีเดช | |
| 245 | 1 | 0 | _aการเสริมสร้างยุทธศาสตร์ชาติในระดับหมู่บ้าน : ศึกษากรณีหมู่บ้าน จังหวัดปราจีนบุรี) |
| 260 | 3 |
_aกรุงเทพฯ : _bวิทยาลัยป้องกันราชอาณาจักร, _c2533 |
|
| 300 |
_a60 หน้า : _b แผนภูมิ ; _c 28 ซม. |
||
| 650 | 0 | 4 | _aปราจีนบุรี -- แง่ยุทธศาสตร์ -- วิจัย |
| 650 | 0 | 4 | _aยุทธศาสตร์ -- วิจัย |
| 650 | 0 | 4 | _aยุทธศาสตร์ชาติ -- วิจัย |
| 650 | 0 | 4 | _aไทย -- แง่ยุทธศาสตร์ -- วิจัย |
| 850 | _aNALT | ||
| 942 | _cRSH | ||
| 997 |
_c000000000028279 _kVC |
||
| 998 | _aJETANANARD SUWANDEE | ||
| 999 |
_c28279 _d28279 |
||